Normal view
MARC view
- Calderón de la Barca, Pedro,
Entry Nom personal
001 - NÚMERO DE CONTROL
- campo de control: 169265
003 - IDENTIFICADOR DEL NÚMERO DE CONTROL
- campo de control: ES-BaIT
005 - FECHA Y HORA DE LA ÚLTIMA TRANSACCIÓN
- campo de control: 20260415133733.0
008 - DATOS DE LONGITUD FIJA
- campo de control de longitud fija: 260415|| aca||aabn | a|a d
040 ## - FUENTE DE LA CATALOGACIÓN
- Centro catalogador/agencia de origen: ES-BaIT
100 1# - ENCABEZAMIENTO-NOMBRE DE PERSONA
- Nombre de persona: Calderón de la Barca, Pedro,
- Fechas asociadas al nombre: 1600-1681
- Subdivisión general: Versificació


